Time is ticking on rates (Record no. 79930)

MARC details
000 -LEADER
fixed length control field 00947cab a22002175a 4500
001 - CONTROL NUMBER
control field L142738
008 - FIXED-LENGTH DATA ELEMENTS--GENERAL INFORMATION
fixed length control field 080305e20080301xxk f 000 0 eng d
035 ## - SYSTEM CONTROL NUMBER
System control number (Sirsi) u142738
041 0# - LANGUAGE CODE
Language code of text/sound track or separate title eng
100 1# - MAIN ENTRY--PERSONAL NAME
Personal name Rose, Adrian
245 00 - TITLE STATEMENT
Title Time is ticking on rates
260 ## - PUBLICATION, DISTRIBUTION, ETC.
Date of publication, distribution, etc. 2008
490 #0 - SERIES STATEMENT
Series statement Estates Gazette
Volume/sequential designation (0808) 1 March 2008, 154(1)
520 ## - SUMMARY, ETC.
Summary, etc. Notes that the empty properties regime will change in April 2008. Discusses the situation before and after the introduction of the new regime. Comments on the likely avoidance tactics that developers may use. Finds that the industrial sector will be the worst hit because the shift from 100% to nil relief will be difficult.
590 ## - LOCAL NOTE (RLIN)
Local note KA
650 24 - SUBJECT ADDED ENTRY--TOPICAL TERM
Topical term or geographic name entry element RATING (EMPTY PROPERTIES) BILL 2006-07
650 24 - SUBJECT ADDED ENTRY--TOPICAL TERM
Topical term or geographic name entry element RATING (EMPTY PROPERTIES) ACT 2007
651 #4 - SUBJECT ADDED ENTRY--GEOGRAPHIC NAME
Geographic name England and Wales
Chronological subdivision 1543-
690 ## - LOCAL SUBJECT ADDED ENTRY--TOPICAL TERM (OCLC, RLIN)
Topical term or geographic name as entry element PROPERTY-COMMERCIAL PROPERTY-COMMERCIAL PROPERTY TAXATION-BUSINESS RATES
942 ## - ADDED ENTRY ELEMENTS (KOHA)
Suppress in OPAC 0
Holdings
Withdrawn status Lost status Source of classification or shelving scheme Damaged status Not for loan Home library Current library Shelving location Date acquired Total Checkouts Full call number Barcode Date last seen Copy number Price effective from Koha item type
    Dewey Decimal Classification     London London Journal article 05/03/2008   L142738 142738-1001 06/08/2019 1 06/08/2019 Journal article